000 00711nam a2200229 a 4500
999 _c10151
_d10151
001 10151
003 BD-JhCC
005 20180418185153.0
008 180418s1974 ii |||| |||| 000 0 ben d
035 _a(BD-JhCC)10151
040 _aBD-JhCC
_dBD-JhCC
041 _aben
082 _a780
_bTAG 1974
100 _aঠাকুর, রবীন্দ্রনাথ
245 _aশেফালী /
_cরবীন্দ্রনাথ ঠাকুর,
260 _aকলকাতা :
_bবিশ্বভারতী গ্রন্থনবিভাগ,
_c1974.
300 _a101 P. :
_c24 cm.
490 _aস্বরবিতান ৫০
650 _aMusic
942 _2ddc
_cBK